YBERC 2010 young biomedical engineers and researchers conference : conference proceedings, 1.-3. july 2010 Košice Slovakia

Bibliographic Details
Format: Software eBook
Language:English
PhysicalDescription:1 elektronický optický disk (CD-ROM) fotogr., grafy, sch., tab. 12 cm
Published: Košice Technická univerzita 2011
ISBN:9788055305967
Edition:1. vyd.
Subjects:

MARC

LEADER 00000nam a2200000 a 4500
001 vtls010282555
003 SK-MaSNL
005 20260301031814.0
007 co bg muuua
008 180809s2011 xo daolfs 100 0 eng
015 |a SNBS2013 
020 |a 9788055305967  |q (elektronická kniha) 
040 |a SNK  |b slo  |c SNK  |e AACR2 
041 0 |a eng  |b eng 
044 |a xo  |c SK 
072 7 |a 616  |x Patológia. Klinická medicína  |2 konspekt 
072 7 |a 57  |x Všeobecná biológia  |2 konspekt 
080 |a 616-07/-08-71  |2 2001 
080 |a 57:61  |2 2001 
080 |a (062.534)  |2 2001 
080 |a (0.034.44)  |2 2001 
245 0 0 |a YBERC 2010  |h elektronický zdroj  |b young biomedical engineers and researchers conference : conference proceedings, 1.-3. july 2010 Košice Slovakia 
246 3 0 |a Young biomedical engineers and researchers conference 
250 |a 1. vyd. 
260 |a Košice  |b Technická univerzita  |c 2011 
300 |a 1 elektronický optický disk (CD-ROM)  |b fotogr., grafy, sch., tab.  |c 12 cm 
500 |a Názov z titulnej obrazovky 
504 |a Bibliogr. odkazy 
516 |a Textový dokument (zborník), súbory vo formáte html, pdf 
536 |a Projekt ITMS 26220220038 
538 |a Technické požiadavky: internetový prehliadač, PDF prehliadač 
650 0 7 |a biomedicína  |2 SNKPH  |9 18817 
650 0 7 |a biomedicínske inžinierstvo  |2 SNKPH  |9 66617 
650 0 7 |a Biomedicine  |2 SNKPHeng  |9 267514 
650 0 7 |a Biomedical engineering  |2 SNKPHeng  |9 326866 
655 7 |a elektronické zdroje  |2 SNKPH  |9 90954 
655 7 |a CD-ROM  |2 SNKPH  |9 70236 
655 7 |a zborníky konferencií  |2 SNKPH  |9 70153 
655 7 |a Electronic resources  |2 SNKPHeng  |9 175546 
655 7 |a Proceedings of conferences  |2 SNKPHeng  |9 265791 
919 |a 978-80-553-0596-7 
958 |a NB 
999 |c 577347  |d 579277 
952 |a SNK  |b SNK  |y PREZ  |7 0  |p 17A0704504  |o snkSCDM 3890  |i snk2011/12660  |8 0  |0 0  |1 0  |4 0  |d 2011-06-01  |l 0  |r 2026-02-23 14:37:59  |w 2026-02-23